Instrumental Methods of Chemical Analysis (Record no. 8588)
[ view plain ]
| 000 -LEADER | |
|---|---|
| fixed length control field | 00425nam a22001337a 4500 |
| 008 - FIXED-LENGTH DATA ELEMENTS--GENERAL INFORMATION | |
| fixed length control field | 200319b ||||| |||| 00| 0 eng d |
| 020 ## - INTERNATIONAL STANDARD BOOK NUMBER | |
| International Standard Book Number | 9789351420880 |
| 100 ## - MAIN ENTRY--PERSONAL NAME | |
| Personal name | Anand, Sham K. & Chatwal, Gurdeep R. |
| 245 ## - TITLE STATEMENT | |
| Title | Instrumental Methods of Chemical Analysis |
| 250 ## - EDITION STATEMENT | |
| Edition statement | 5th/e, Reprint 2019 |
| 260 ## - PUBLICATION, DISTRIBUTION, ETC. (IMPRINT) | |
| Place of publication, distribution, etc | New Delhi |
| Name of publisher, distributor, etc | Himalaya Publishing House |
| 650 ## - SUBJECT ADDED ENTRY--TOPICAL TERM | |
| Topical term or geographic name as entry element | Pharmaceutical Analysis and Quality Assurance |
| 942 ## - ADDED ENTRY ELEMENTS (KOHA) | |
| Source of classification or shelving scheme | Dewey Decimal Classification |
| Koha item type | Text Books |
| 942 ## - ADDED ENTRY ELEMENTS (KOHA) | |
| -- | 2 |
| Withdrawn status | Lost status | Source of classification or shelving scheme | Damaged status | Not for loan | Collection code | Home library | Current library | Shelving location | Date acquired | Source of acquisition | Currency | Cost, normal purchase price | Bill Number | Total Checkouts | Full call number | Acc. no. / Barcode | Date last seen | Copy number | Actual Cost, discounted price | Bill Date | Koha item type | Checked out | Date last borrowed | Uniform Resource Identifier |
|---|---|---|---|---|---|---|---|---|---|---|---|---|---|---|---|---|---|---|---|---|---|---|---|---|
| Dewey Decimal Classification | B.Pharma | PIET C-LIBRARY | PIET C-LIBRARY | Ref. Sec. R01 | 07/01/2020 | Kirti Prakashan | IN Rupees | 650.00 | IN5980 | 543.08 CHI | BP297 | 19/03/2020 | 1 | 474.50 | 07/01/2020 | Reference Books | ||||||||
| Dewey Decimal Classification | B.Pharma | PIET C-LIBRARY | PIET C-LIBRARY | 07/01/2020 | Kirti Prakashan | IN Rupees | 650.00 | IN5980 | 7 | 543.08 CHI | BP298 | 24/02/2026 | 2 | 474.50 | 07/01/2020 | Text Books | 14/09/2026 | 24/02/2026 | ||||||
| Dewey Decimal Classification | B.Pharma | PIET C-LIBRARY | PIET C-LIBRARY | 07/01/2020 | Kirti Prakashan | IN Rupees | 650.00 | IN5980 | 4 | 543.08 CHI | BP299 | 27/02/2025 | 3 | 474.50 | 07/01/2020 | Text Books | 17/02/2025 | 543.08 CHI | ||||||
| Dewey Decimal Classification | B.Pharma | PIET C-LIBRARY | PIET C-LIBRARY | 07/01/2020 | Kirti Prakashan | IN Rupees | 650.00 | IN5980 | 4 | 543.08 CHI | BP300 | 11/05/2026 | 4 | 474.50 | 07/01/2020 | Text Books | 23/03/2026 |